000
00326nam a22001337a 4500
003
OSt
008
250108b |||||||| |||| 00| 0 eng d
041
_a
eng
100
_a
Kanetkar, TP
_9
6856
245
_a
Surveying and Levelling Part1
250
_a
23rd
260
_a
Pune:
_b
Pune Vidyarthi Griha Prakasan,
_c
1983.
942
_c
BK
999
_c
18989
_d
18989